[Event "BRA Bahia Region"]
[Site "Salvador"]
[Date "2013.04.28"]
[Round "3.10"]
[White "Galindo, Diego de Santana"]
[Black "Pereira Fo, Hildebrando Apolon"]
[Result "0-1"]
[WhiteElo "100"]
[BlackElo "1831"]
[PlyCount "84"]
[EventDate "2013.04.27"]
[EventType "swiss"]
[EventRounds "9"]
[EventCountry "BRA"]
[SourceTitle "EXT 2022"]
[Source "ChessBase"]
[SourceDate "2021.10.06"]
[SourceVersion "1"]
[SourceVersionDate "2021.10.06"]
[SourceQuality "1"]

1. e4 c5 2. Nf3 Nf6 3. Nc3 d6 4. h3 Nc6 5. d4 cxd4 6. Nxd4 g6 7. Bb5 Bd7 8. 0-0 Bg7 9. Bg5 0-0 10. Nxc6 bxc6 11. Bd3 Qa5 12. Qd2 Rab8 13. Rab1 Rb7 14. Bh6 Rfb8 15. Bxg7 Kxg7 16. b3 Qe5 17. Rbe1 Qd4 18. Na4 Nh5 19. c3 Qf6 20. f4 Qh4 21. f5 c5 22. Nb2 a5 23. e5 d5 24. e6 Be8 25. c4 Qd4+ 26. Kh2 dxc4 27. Re4 Qd6+ 28. Kg1 cxd3 29. fxg6 fxg6 30. Nc4 Qc6 31. Qxd3 Rb4 32. g4 Nf6 33. Ref4 Qxe6 34. g5 Nd5 35. Re4 Qd7 36. Re5 e6 37. Rf6 Nxf6 38. gxf6+ Kf7 39. Qf3 Qd4+ 40. Kg2 Rxc4 41. Re2 Rc3 42. Qf1 Bc6+ 0-1

[Event "BRA Bahia Region"]
[Site "Salvador"]
[Date "2013.04.27"]
[Round "1.11"]
[White "Galindo, Diego de Santana"]
[Black "Paris, Neemias Do Nascimen"]
[Result "1-0"]
[WhiteElo "100"]
[BlackElo "1913"]
[PlyCount "59"]
[EventDate "2013.04.27"]
[EventType "swiss"]
[EventRounds "9"]
[EventCountry "BRA"]
[SourceTitle "EXT 2022"]
[Source "ChessBase"]
[SourceDate "2021.10.06"]
[SourceVersion "1"]
[SourceVersionDate "2021.10.06"]
[SourceQuality "1"]

1. e4 c6 2. d4 d5 3. Nc3 e6 4. Nf3 Nf6 5. Bd3 h6 6. e5 Nfd7 7. Ne2 Be7 8. 0-0 c5 9. c3 cxd4 10. cxd4 Nb6 11. Be3 Bd7 12. Nd2 Na4 13. Qc2 0-0 14. f4 Qb6 15. b3 Rc8 16. Bh7+ Kh8 17. Qb1 Nc3 18. Nxc3 Rxc3 19. Bd3 Bb5 20. Bxb5 Qxb5 21. Qe1 Nd7 22. f5 exf5 23. Rxf5 Rac8 24. Rxf7 Bb4 25. Qg3 g5 26. Qh3 Kg8 27. Rxd7 Rxe3 28. Qe6+ Kh8 29. Qf6+ Kg8 30. Qg7# 1-0